Účtovníctvo vo finančných inštitúciách, vybrané súvzťažnosti, príklady
Saved in:
| Main Author: | |
|---|---|
| Format: | Book |
| Language: | Slovak |
| Published: |
Bratislava
D.E.A. Consult
2004
|
| Subjects: | |
| Tags: |
No Tags, Be the first to tag this record!
|
MARC
| LEADER | 00000nam$a2200000$$$4500 | ||
|---|---|---|---|
| 001 | 0027796 | ||
| 005 | 20240313133620.2 | ||
| 020 | |a 80-967230-6-5 | ||
| 041 | 0 | |a slo | |
| 044 | |a SK | ||
| 245 | 1 | 0 | |a Účtovníctvo vo finančných inštitúciách, vybrané súvzťažnosti, príklady |c Eleonóra Vajdová |
| 264 | 1 | |a Bratislava |b D.E.A. Consult |c 2004 | |
| 300 | |a 265 s. | ||
| 610 | 2 | 0 | |a účtovníctvo bankové |
| 610 | 2 | 0 | |a organizácie finančné |
| 610 | 2 | 0 | |a banky |
| 610 | 2 | 0 | |a spoločnosti správcovské |
| 610 | 2 | 0 | |a postupy účtovné |
| 610 | 2 | 0 | |a štandardy účtovné medzinárodné |
| 610 | 2 | 0 | |a účtovníctvo medzinárodné |
| 610 | 2 | 0 | |a legislatíva |
| 100 | 1 | |a Vajdová, Eleonóra | |